000 00514nam a2200181Ia 4500
001 11158
005 20260306161925.0
008 260306t2019||||xx |||||||||||||| ||spa||
041 _aESP
082 _a985.01
_bG19
100 _aGänger, Stefanie,
_eAUT
245 0 _aReliquias del pasado. El coleccionismo y el estudio de las antigüedades precolombinas en el Perú y Chile, 1837-1911
260 _c2019
300 _a294 páginas :
_c24 cm.
650 _aGEN
654 _aCHU
942 _cLIB
_dJUS
_fJUS
_2ddc
_n
999 _c11158
_d11158